Thermodynamic equilibrium and kinetic study for methane and egyptian biogas reforming / (Record no. 178102)

MARC details
000 -LEADER
fixed length control field 04407namaa22004331i 4500
003 - CONTROL NUMBER IDENTIFIER
control field EG-GICUC
005 - أخر تعامل مع التسجيلة
control field 20260210104811.0
008 - FIXED-LENGTH DATA ELEMENTS--GENERAL INFORMATION
fixed length control field 260128s2025 ua a ||frm||| 000 0 eng d
040 ## - CATALOGING SOURCE
Original cataloguing agency EG-GICUC
Language of cataloging eng
Transcribing agency EG-GICUC
Modifying agency EG-GICUC
Description conventions rda
041 0# - LANGUAGE CODE
Language code of text/sound track or separate title eng
Language code of summary or abstract eng
-- ara
049 ## - Acquisition Source
Acquisition Source Deposit
082 04 - DEWEY DECIMAL CLASSIFICATION NUMBER
Classification number 660
092 ## - LOCALLY ASSIGNED DEWEY CALL NUMBER (OCLC)
Classification number 660
Edition number 21
097 ## - Degree
Degree M.Sc
099 ## - LOCAL FREE-TEXT CALL NUMBER (OCLC)
Local Call Number Cai01.13.04.M.Sc.2025.Ah.T
100 0# - MAIN ENTRY--PERSONAL NAME
Authority record control number or standard number Ahmed Sayed Ahmed Kotb,
Preparation preparation.
245 10 - TITLE STATEMENT
Title Thermodynamic equilibrium and kinetic study for methane and egyptian biogas reforming /
Statement of responsibility, etc. by Ahmed Sayed Ahmed Kotb ; Supervisors Prof. Tarek Mohamed Mostafa, Dr. Reda Zein Korany.
246 15 - VARYING FORM OF TITLE
Title proper/short title دراسة التوازن الحراري والحركية لإعادة تشكيل الميثان والغاز الحيوي المصري
264 #0 - PRODUCTION, PUBLICATION, DISTRIBUTION, MANUFACTURE, AND COPYRIGHT NOTICE
Date of production, publication, distribution, manufacture, or copyright notice 2025.
300 ## - PHYSICAL DESCRIPTION
Extent 104 pages :
Other physical details illustrations ;
Dimensions 25 cm. +
Accompanying material CD.
336 ## - CONTENT TYPE
Content type term text
Source rda content
337 ## - MEDIA TYPE
Media type term Unmediated
Source rdamedia
338 ## - CARRIER TYPE
Carrier type term volume
Source rdacarrier
502 ## - DISSERTATION NOTE
Dissertation note Thesis (M.Sc)-Cairo University, 2025.
504 ## - BIBLIOGRAPHY, ETC. NOTE
Bibliography, etc. note Bibliography: pages 94-96.
520 #3 - SUMMARY, ETC.
Summary, etc. Greenhouse gases contribute to global warming by trapping infrared radiation and <br/>increasing Earth's temperature. The dry reforming of methane (DRM) is a process that <br/>converts these greenhouse gases into synthesis gas, a valuable intermediate that can be <br/>further processed into chemicals through the Fischer-Tropsch synthesis. Despite its <br/>potential, DRM has not yet been adopted on an industrial scale due to the lack of <br/>economically viable catalysts that can endure coking and sintering. This study <br/>addresses the limitations of DRM by integrating it with high-temperature steam <br/>reforming of methane. Thermodynamic and kinetic analyses were conducted to <br/>evaluate the effects of various steam-to-carbon dioxide ratios. System equilibrium was <br/>maintained by minimizing Gibbs Free Energy. A Hybrid Genetic Algorithm was used <br/>to solve the system's equilibrium. This thesis also explores the conversion of biogas <br/>into syngas as. The study investigates the potential for using steam reforming to <br/>upgrade this biogas into syngas
520 #3 - SUMMARY, ETC.
Summary, etc. عملية الإصلاح الجاف للميثان هي عملية تحول غازات الدفيئة هذه إلى غاز تخليقي، وهو وسيط قيم يمكن معالجته بشكل أكبر إلى مواد كيميائية من خلال عملية فيشر تروبش. تتناول هذه الدراسة تحسين هذه العملية من خلال دمجها مع إصلاح البخار بدرجة حرارة عالية للميثان. وأجريت تحليلات ديناميكا حرارية ودراسة التفاعلات لتقييم النتائج عند نسب عديدة للبخار إلى ثاني أكسيد الكربون. تم الحفاظ على توازن النظام عن طريق تقليل الطاقة الحرة. تم استخدام خوارزمية جينية هجينة لحل توازن النظام. تشير النتائج إلى أن زيادة نسبة البخار إلى ثاني أكسيد الكربون يقلل من تكوين الكربون الصلب ويعزز نسبة الهيدروجين إلى أول أكسيد الكربون. تم إجراء دراسة لفحص أداء نوعين من المحفزات النبيلة في عملية الإصلاح بالبخار والجاف المركبة. تستكشف هذه الرسالة أيضا تحويل الغاز الحيوي إلى غاز تخليقي كطريقة لتحسين الغاز الحيوية.
530 ## - ADDITIONAL PHYSICAL FORM AVAILABLE NOTE
Issues CD Issues also as CD.
546 ## - LANGUAGE NOTE
Text Language Text in English and abstract in Arabic & English.
650 #0 - SUBJECT ADDED ENTRY--TOPICAL TERM
Topical term or geographic name entry element Chemical Engineering
650 #0 - SUBJECT ADDED ENTRY--TOPICAL TERM
Topical term or geographic name entry element الهندسة الكيميائية
653 #1 - INDEX TERM--UNCONTROLLED
Uncontrolled term Dry Reforming of Methane
-- Biogas Reforming
-- Genetic Algorithm
-- Thermodynamics Equilibrium
-- Hybrid Optimization Algorithm
-- إعادة التشكيل الجافة للميثان
-- إعادة تشكيل الغاز الحيوي
700 0# - ADDED ENTRY--PERSONAL NAME
Personal name Tarek Mohamed Mostafa
Relator term thesis advisor.
700 0# - ADDED ENTRY--PERSONAL NAME
Personal name Reda Zein Korany
Relator term thesis advisor.
900 ## - Thesis Information
Grant date 01-01-2025
Supervisory body Tarek Mohamed Mostafa
-- Reda Zein Korany
Discussion body Ahmed Soliman Mohamed
-- Tamer Mohamed Yahia
Universities Cairo University
Faculties Faculty of Engineering
Department Department of Chemical Engineering
905 ## - Cataloger and Reviser Names
Cataloger Name Shimaa
Reviser Names Eman Ghareb
942 ## - ADDED ENTRY ELEMENTS (KOHA)
Source of classification or shelving scheme Dewey Decimal Classification
Koha item type Thesis
Edition 21
Suppress in OPAC No
Holdings
Source of classification or shelving scheme Home library Current library Date acquired Inventory number Full call number Barcode Date last seen Effective from Koha item type
Dewey Decimal Classification المكتبة المركزبة الجديدة - جامعة القاهرة قاعة الرسائل الجامعية - الدور الاول 28.01.2026 93263 Cai01.13.04.M.Sc.2025.Ah.T 01010110093263000 28.01.2026 28.01.2026 Thesis
Cairo University Libraries Portal Implemented & Customized by: Eng. M. Mohamady Contacts: new-lib@cl.cu.edu.eg | cnul@cl.cu.edu.eg
CUCL logo CNUL logo
© All rights reserved — Cairo University Libraries
CUCL logo
Implemented & Customized by: Eng. M. Mohamady Contact: new-lib@cl.cu.edu.eg © All rights reserved — New Central Library
CNUL logo
Implemented & Customized by: Eng. M. Mohamady Contact: cnul@cl.cu.edu.eg © All rights reserved — Cairo National University Library